banner-ar

LIBEARY SCIENCE CONCEPT AND TECHNIQUES / (Record no. 10803)

MARC details
000 -الفاتح
حقل البيانات ثابتة الطول 00464nam a2200169Ia 4500
008 - عناصر البيانات ثابتة الطول - معلومات عامة
حقل البيانات ثابتة الطول 140319s9999 xx 000 0 eng d
040 ## - مصدر الفهرسة
وكالة الفهرسة الأصلية GCL /
وكالة النسخ GCL
082 04 - رقم تصنيف ديوى العشرى
رقم التصنيف 025
رقم المادة S L
100 1# - المدخل الرئيسى - إسم شخصى
الإسم الشخصى SHARMA, S.K.
245 10 - بيان العنوان
العنوان LIBEARY SCIENCE CONCEPT AND TECHNIQUES /
بيان المسئوليه,etc SHARMA, S.K.
260 ## - PUBLICATION, DISTRIBUTION, ETC. (IMPRINT)
تاريخ النشر أو التوزيع 1995
650 04 - المدخل الاضافى بالموضوع-مصطلح موضوعى
مصطلح موضوعي LIBRARY TECHNICAL SERVICES
650 04 - المدخل الاضافى بالموضوع-مصطلح موضوعى
مصطلح موضوعي NET WORK
650 04 - المدخل الاضافى بالموضوع-مصطلح موضوعى
مصطلح موضوعي SUBJECT HEADINGS
942 ## - عناصر المدخل الإضافي( كوها)
مصدر التصنيف او مخطط الترفيف Dewey Decimal Classification
Koha [default] item type كتاب
260 ## - PUBLICATION, DISTRIBUTION, ETC. (IMPRINT)
-- [S.N] :
-- KAANNA TECH PUBLICATIONS ،
Holdings
حالة التراجع حالة الفقد حالة تلف ليس للاعارة المكان المؤقت الموقع الحالى تاريخ الاكتساب اجمالي اﻻعارات رقم الطلب الباركود تاريخ اخر مشاهدة تاريخ تفعيل السعر نوع وعاء كوها
        مكتبة القاهرة الكبرى مكتبة القاهرة الكبرى 03/26/2014   025\S L 21707 03/26/2014 03/26/2014 كتاب

Powered By

EGPV